000 01015nam a2200277 i 4500
001 000044346
003 DO-SdBNP
005 20250317102320.0
007 ta
008 140620s1995 dr abc 000 0 spa d
040 _aDO-SdBNP
_bspa
_cBNPHU
_erda
041 _hspa
082 _axxx
_bR426p
_222
110 1 _aRepública Dominicana.
_bSecretaría de Estado de Educación, Bellas Artes y Cultos
_923965
245 1 0 _aLibro de ítemes bachillerato :
_bpruebas diferenciadas, pruebas nacionales de conclusión de la educación media
264 _aSanto Domingo :
_bSecretaría de Estado de Educación Bellas Artes y Cultos,
_c1995.
300 _avolumen :
_bilustraciones, mapas, retratos ;
_c21 cm.
336 _2rdacontent
_atexto
_btxt
337 _2rdamedia
_asin mediación
_bn
338 _2rdacarrier
_avolumen
_bnc
490 _aPruebas nacionales ;
_v2
505 _av. 1--
_tPruebas comprensivas--
_gv.2--
_tPruebas difenrenciadas.
590 _aInventariado, 2025/DG
910 _aDG
942 _2ddc
_cLBS1
999 _c43835
_d43835